01271nam a2200265 i 450000100060000000300090000600500170001500700030003200800410003508000260007611000220010224501540012426000600027830000210033850502020035961000490056161000440061061000480065461000350070261000410073770000310077874000720080985200300088185600940091120013ES-MaACL20250403132636.0t|010625s1923 sp |||| | spa d a061.21(460.27) Ateneo2 aAteneo de Madrid.10aMemoria leída en el Ateneo de Madrid por el secretario primero Don Luis de Tapia, con motivo de la inauguración del curso académico de 1923-24. aMadrid : b[s.n.], c1923 (fEst. Tip. Anónima Mefar) a47 p. ; c21 cm.8 aApéndices: I. Conferencias dadas en el Ateneo de Madrid durante el curso 1922-23 . II. Biblioteca . III. Altas y bajas de tos señores socios . IV. Resumen del año 1922. Resumen del año 192324aAteneo de Madrid-vMemorias de Secretaría.24aAteneo de Madrid-vObras digitalizadas.24aAteneo de Madrid-vConferencias-y1900-193924aAteneo de Madrid. bBiblioteca24aAteneo de Madrid-vListas de socios.1 aTapia, Luis de,d1871-193702aConferencias dadas en el Ateneo de Madrid durante el curso 1922-23.4 aES-MaACLj1661-F-2cDEPOF4 uhttp://www.ateneodemadrid.net/biblioteca_digital/folletos/Memoria-1923.pdfyVer documento